| 000 | 00690nam a2200265Ia 4500 | ||
|---|---|---|---|
| 008 | 170711s9999 xx 000 0 und d | ||
| 020 | _a310240441 | ||
| 050 | _a306.8 | ||
| 050 | _bM847 2002 | ||
| 100 | _aMorgan, Elisa | ||
| 245 | _aMake room for daddy : | ||
| 245 | _ba mom's guide to letting dad be dad / | ||
| 245 | _cby Elisa Morgan and Carol Kuykendall. | ||
| 260 | _aUSA : | ||
| 260 | _bZondervan, | ||
| 260 | _c2002 | ||
| 300 | _a216 pages : | ||
| 300 | _billustrations ; | ||
| 300 | _c21cm. | ||
| 500 | _aIncludes notes, bibliographic reference and index. | ||
| 650 | _aFatherhood. | ||
| 650 | _aFathers. | ||
| 700 | _aKuykendall, Carol. | ||
| 700 | _aTitle. | ||
| 999 |
_c339737 _d339737 |
||